Statistiques concernant Plus grands maestros N'oubliez pas les paroles

Cliquez ici pour prendre le quiz!

Statistiques générales

  • Ce quiz a été pris 581 fois
    (138 depuis la dernière actualisation)
  • Le résultat moyen est 16 sur 32

Statistiques - réponses

#Maestros% Correct
59530 000Margaux
86%
43410 000Kévin
79%
56416 000Caroline
72%
52274 000Caroline
72%
45361 000Hervé
70%
55391 000Renaud
69%
16212 000Arsène
65%
65358 000Louis
63%
25242 000Violaine
59%
40270 000Manon
52%
48392 000Manon
52%
29297 000Jérémy
51%
64388 000Jennifer
50%
39309 000Kristofer
50%
28202 000Lucile
50%
13162 000Toni
49%
59356 000Charlotte
46%
26213 000Micka
44%
33274 000Maureen
40%
29185 000Héloïse
38%
16220 000Alessandra
37%
31169 000Aline
37%
42189 000Franck
37%
37203 000Valérie
37%
40160 000Baptiste
35%
52227 000Coralie
35%
35177 000Mickaël
35%
20161 000Julien
33%
19184 000Denis
32%
25242 000Natasha
30%
40234 000Geoffrey
28%
22177 000Soriana
28%

Distribution des résultats

Percentile par nombre de réponses

% des personnes avec chaque résultat

Votre développement - résultats

Vous n’avez pas pris ce quiz depuis la dernière actualisation